000
00286nam a22001337a 4500
008
171018b xxu||||| |||| 00| 0 eng d
020
_a
9780324605068
041
_a
eng
080
_a
338
100
_a
53
101
_a
MEN
245
_a
MANAGEMENT SEMINAR
_c
CASEY.R
942
_2
udc
_c
BK
999
_c
34736
_d
34736